Países com Medalha de Ouro no Futebol - Statistics

Estatísticas Gerais
  • Esse quiz foi jogado 9 267 vezes
  • A pontuação média é 14 de 22
Estatísticas das Respostas
Ouro Prata Bronze País % Correto
2 5 2 Brasil
100%
2 2 0 Argentina
95%
1 1 5 Alemanha | Alemanha Ocidental
93%
4 2 2 Estados Unidos
90%
1 1 0 França
90%
1 3 0 Espanha
89%
1 0 2 Itália
83%
3 0 0 Grã-Bretanha
82%
1 0 1 México
81%
2 0 0 Uruguai
79%
2 0 2 Canadá
75%
1 2 2 Suécia
57%
1 0 1 Bélgica
55%
1 1 1 Nigéria
46%
2 0 3 União Soviética
46%
1 2 0 Polônia
45%
1 0 2 Noruega
41%
3 1 1 Hungria
37%
1 0 0 Camarões
32%
1 3 1 Iugoslávia
29%
1 1 0 Tchecoslováquia
19%
1 1 1 Alemanha Oriental
11%
Nenhum quiz correspondente encontrado
Distribuição das Pontuações
Porcentagem de Pessoas com Cada Pontuação
Percentil de Números Respondidos
Sua Pontuação Histórica
Você não jogou esse quiz